000 00302nam a2200121Ia 4500
005 20251222143118.0
008 251222s9999||||xx |||||||||||||| ||spa||
082 _a355.223/R24
100 _aRamón Quintana, Juan
245 0 _aEl Servicio Militar en América Latina:
264 _bCeapaz
942 _cLIB
999 _c11443
_d11443